000 00641cam a22002293a 4500
001 1498
003 PGUSA
005 20140828083002.0
008 981001s1998||||xxu|||||s|||||000 | eng d
040 _aPGUSA
_beng
042 _adc
050 4 _aD
100 1 _aLord, John,
_d1810-1894
245 1 0 _aBeacon Lights of History, Volume 3 part 1 :
_bThe Middle Ages
_h[electronic resource] /
_cJohn Lord
260 _bProject Gutenberg,
_c1998
506 _aPublic domain in the USA.
516 _aElectronic text
653 _aHistory
830 0 _aProject Gutenberg
_v1498
856 4 0 _uhttp://www.gutenberg.org/ebooks/1498
942 _cEB
999 _c230846
_d230846